Az Irinyi János Országos Középiskolai Kémiaverseny döntője 2015. április 24-26

Elmentve itt :
Bibliográfiai részletek
Szerző: Pálinkó István
Dokumentumtípus: Cikk
Megjelent: Magyar Kémikusok Egyesülete 2015
Sorozat:Középiskolai Kémiai Lapok 42 No. 3
mtmt:2887670
Online Access:http://publicatio.bibl.u-szeged.hu/5280
LEADER 00678nab a2200181 i 4500
001 publ5280
005 20181002154727.0
008 150611s2015 hu o 0|| zxx d
022 |a 1785-5713 
024 7 |a 2887670  |2 mtmt 
040 |a SZTE Publicatio Repozitórium  |b hun 
041 |a zxx 
100 1 |a Pálinkó István 
245 1 3 |a Az Irinyi János Országos Középiskolai Kémiaverseny döntője 2015. április 24-26  |h [elektronikus dokumentum] /  |c  Pálinkó István 
260 |a Magyar Kémikusok Egyesülete  |c 2015 
300 |a 248-271 
490 0 |a Középiskolai Kémiai Lapok  |v 42 No. 3 
856 4 0 |u http://publicatio.bibl.u-szeged.hu/5280/1/KoKel42%282015%29248.pdf  |z Dokumentum-elérés